000 00323nam a22001457a 4500
008 221212b ||||| |||| 00| 0 eng d
020 _a80871631
041 _aeng
080 _a159.9
082 _a159.9POW
100 _a25
101 _aPSI
245 _aREADINGS IN ADOLESCENT PSYCHOLOGY
_cPOWELL M
942 _2udc
_cBK
999 _c59163
_d59163